Datum a čas kvízu
34.5
Celkem bodů
Celkový počet nahraných bodů na tomto kvízu bez doplňovacích otázek.
7.
Pořadí na kvízu
Konečné umístění týmu na tomto kvízu.
Zaznamenané odpovědi
| # | Otázka | Odpověď | Body | Výsledky |
|---|---|---|---|---|
| 1. | Jiří Langmajer, Zdislava Pokor... | Hejt není názor | 0 | |
| 2. | V ugandském národním parku Kib... | šimpanz | 1 | |
| 3. | Legendární americký folkový zp... | Paul Simon | 1 | |
| 4. | Americký Federální úřad pro le... | A | 1 | |
| 5. | Cyklistický závod Kolem Flande... | A | 1 | |
| 6. | Vaším prvním úkolem v dnešním... | 1C 2A 3D 4B | 1 | |
| 7. | Poznejte (parodii na) gangster... | Někdo to rád horké (Some Like It Hot) | 0 | |
| 8. | Bud Spencer a Terence Hill spo... | v Itálii | 1 | |
| 9. | Gangster, na kterého se ptáme,... | Jabba Hutt | 1 | |
| 10. | Uveďte jméno i příjmení postav... | John Wick | 1 |